000
00335cam a2200133ua 4500
003
OSt
008
210121b ||||| |||| 00| 0 eng d
020
_a
0 07 099572 9
245
_a
Differential equations /
250
_a
1 /
260
_a
New Delhi :
_b
Tata Mc-Graw Hill Publishing Company ,
_c
1972.
300
_a
465 ; .
942
_c
BK
999
_c
2956
_d
2956